Normal view
MARC view
- Armesto , Felipe Fernandez
Entry Personal Name
001 - CONTROL NUMBER
- control field: 134168
003 - CONTROL NUMBER IDENTIFIER
- control field: NUST
005 - DATE AND TIME OF LATEST TRANSACTION
- control field: 20260416105940.0
008 - FIXED-LENGTH DATA ELEMENTS
- fixed length control field: 260416|| aca||aabn | a|a d
040 ## - CATALOGING SOURCE
- Original cataloging agency: NUST
- Transcribing agency: NUST
100 ## - HEADING--PERSONAL NAME
- Personal name: Armesto , Felipe Fernandez
670 ## - SOURCE DATA FOUND
- Source citation: Work cat.: (NUST): Armesto , Felipe Fernandez., Millennium: A History of the Last Thousand Years /, 1995.
